000 00562nam a22001817a 4500
005 20251108175312.0
008 250721s2015 xx 000 0 ara d
082 1 4 _aم/211.81/جرا
100 1 _aآل جرار، أبو الوسيم علي بن خيري
245 1 0 _aالكشف اليسير /
264 1 _aعمان :
_bدار المامون للنشر والتوزيع،
_c2015.
300 _a2ج.
650 1 7 _aالقرآن الكريم
650 1 7 _aالفاظ القرآن
650 1 7 _aسور القرآن
942 _2ddc
_cREF
999 _c130954
_d130954